[Event "España tch DH-2 2009"]
[Site "Montcada i Reixac ESP"]
[Date "2009.09.17"]
[Round "2.15"]
[White "Cruz, Christian"]
[Black "Caruana, Fabiano"]
[Result "1/2-1/2"]
[WhiteElo "2531"]
[BlackElo "2662"]
[PlyCount "116"]
[EventDate "2009.09.16"]
[EventType "team"]
[EventRounds "5"]
[EventCountry "ESP"]
[Source "lmi"]
[SourceDate "2009.09.16"]
[WhiteTeam "SCC Sabadell"]
[BlackTeam "Linex - Magic"]

1. d4 Nf6 2. c4 c5 3. d5 b5 4. cxb5 a6 5. bxa6 g6 6. Nc3 Bxa6 7. g3 d6 8. Bg2
Bg7 9. Nf3 Nbd7 10. O-O Nb6 11. Rb1 Bc4 12. Nd2 Bxa2 13. Nxa2 Rxa2 14. e4 O-O
15. b4 cxb4 16. Rxb4 Nfd7 17. Nf3 Qa8 18. Bg5 Na4 19. Bxe7 Nc3 20. Qb3 Nc5 21.
Bxf8 Nxb3 22. Bxd6 f5 23. Rxb3 Ne2+ 24. Kh1 Rb2 25. Rxb2 Bxb2 26. e5 Qxd5 27.
Ng1 Qd2 28. Nf3 Qd3 29. Bc5 Qc4 30. Be3 f4 31. gxf4 Nxf4 32. Bxf4 Qxf4 33. Re1
Ba3 34. e6 Be7 35. Kg1 Qb4 36. h3 h5 37. Re5 g5 38. Nxg5 Bf6 39. e7 Bxe7 40.
Nf3 Qb1+ 41. Re1 Qb4 42. Re5 Kg7 43. Bf1 Qd6 44. Be2 Qg6+ 45. Kf1 Bf6 46. Rb5
Qe4 47. h4 Bxh4 48. Rxh5 Qb1+ 49. Ne1 Bf6 50. Rb5 Qc1 51. Rd5 Bh4 52. Rd4 Be7
53. Rd1 Qh6 54. Bf3 Bc5 55. Rd5 Qc1 56. Kg2 Bb6 57. Nd3 Qc2 58. Be4 Qe2 1/2-1/2

[Event "España tch DH-2 2009"]
[Site "Montcada i Reixac ESP"]
[Date "2009.09.17"]
[Round "2.16"]
[White "Perez Candelario, Manuel"]
[Black "Rodriguez Cespedes, Amador"]
[Result "1/2-1/2"]
[WhiteElo "2516"]
[BlackElo "2453"]
[PlyCount "178"]
[EventDate "2009.09.16"]
[EventType "team"]
[EventRounds "5"]
[EventCountry "ESP"]
[Source "lmi"]
[SourceDate "2009.09.16"]
[WhiteTeam "Linex - Magic"]
[BlackTeam "SCC Sabadell"]

1. e4 e5 2. Nf3 Nc6 3. Bb5 Nf6 4. O-O Bc5 5. Nc3 O-O 6. Nxe5 Nxe5 7. d4 Bd6 8.
f4 Nc6 9. e5 Be7 10. exf6 Bxf6 11. d5 Ne7 12. Ne4 Nxd5 13. Qxd5 c6 14. Qd3 cxb5
15. Qxb5 Bd4+ 16. Kh1 d5 17. Ng3 Qb6 18. Qd3 Bd7 19. a4 Rfe8 20. f5 Be5 21. c3
Qb3 22. Bf4 Bxf4 23. Rxf4 Qxb2 24. Rb1 Re3 25. Qxe3 Qxb1+ 26. Rf1 Qb6 27. Qd2
Qf6 28. c4 d4 29. Rf4 Re8 30. h3 Qe5 31. Kh2 Qe3 32. Rxd4 Qxd2 33. Rxd2 Bxa4
34. Ra2 Bc6 35. Rxa7 Kf8 36. Ra2 Re5 37. Rd2 Re1 38. Nh5 Rf1 39. g4 g6 40. Ng3
Rf4 41. c5 Ke7 42. Rc2 Kf6 43. Rc3 Rf2+ 44. Kg1 Rg2+ 45. Kf1 Kg5 46. fxg6 fxg6
47. Nh1 Ra2 48. Nf2 Kh4 49. Ke1 Bg2 50. Re3 Rc2 51. Re7 Kg3 52. Re3+ Kh4 53.
Re7 h5 54. gxh5 gxh5 55. Re5 Bf3 56. Rf5 Kg3 57. Rg5+ Kf4 58. h4 Re2+ 59. Kf1
Ra2 60. Ke1 Ra8 61. Rg7 Ke3 62. Re7+ Kd4 63. Rf7 Re8+ 64. Kf1 Ke3 65. Nh3 Bd5
66. Rf2 Bc4+ 67. Kg1 Re4 68. Rf5 Be6 69. Rg5 Rxh4 70. Nf2 Kd4 71. Kg2 Rf4 72.
Rxh5 Bd5+ 73. Kf1 Kxc5 74. Ke1 Kd4 75. Nd1 b5 76. Kd2 b4 77. Rh2 Be4 78. Kc1
Bf3 79. Rd2+ Kc4 80. Rf2 Kb3 81. Ne3 Rf7 82. Nc2 Kc3 83. Ne1 Bd5 84. Rc2+ Kb3
85. Nd3 Be4 86. Nc5+ Ka3 87. Nxe4 Rf1+ 88. Kd2 b3 89. Rc8 b2 1/2-1/2

[Event "España tch DH-2 2009"]
[Site "Montcada i Reixac ESP"]
[Date "2009.09.17"]
[Round "2.21"]
[White "Harikrishna, P."]
[Black "Cuenca Jimenez, Jose Fernando"]
[Result "1-0"]
[WhiteElo "2673"]
[BlackElo "2460"]
[PlyCount "93"]
[EventDate "2009.09.16"]
[EventType "team"]
[EventRounds "5"]
[EventCountry "ESP"]
[Source "lmi"]
[SourceDate "2009.09.16"]
[WhiteTeam "C.A. Solvay"]
[BlackTeam "C.A. Jaime Casas"]

1. d4 Nf6 2. c4 g6 3. Nc3 Bg7 4. e4 d6 5. Nf3 O-O 6. Be2 Na6 7. O-O e5 8. Be3
Ng4 9. Bg5 Qe8 10. dxe5 dxe5 11. Qc1 c6 12. Rd1 f6 13. Bd2 f5 14. h3 Nf6 15.
exf5 Bxf5 16. Bh6 e4 17. Nd4 Bxh6 18. Qxh6 Qe5 19. Qe3 Rae8 20. a3 Nc7 21. b4
Kh8 22. Rd2 Bc8 23. Re1 a5 24. Bf1 axb4 25. axb4 c5 26. bxc5 Qxc5 27. Ndb5 Qxe3
28. Rxe3 Nxb5 29. Nxb5 Re6 30. Nd6 Kg8 31. Rb3 Rd8 32. c5 Re5 33. c6 Re7 34.
Nxc8 Rxc8 35. cxb7 Rb8 36. Ba6 Ne8 37. Bc4+ Kg7 38. Bd5 Nf6 39. Bc6 Rc7 40. Rb6
Kf7 41. Ra2 Rxc6 42. Rxc6 Rxb7 43. Rca6 Rb1+ 44. Kh2 g5 45. R2a5 Kg6 46. g4 Rb7
47. Re5 1-0

[Event "España tch DH-2 2009"]
[Site "Montcada i Reixac ESP"]
[Date "2009.09.17"]
[Round "2.22"]
[White "Antoli Royo, Joaquin Miguel"]
[Black "Ganguly, Surya Shekhar"]
[Result "0-1"]
[WhiteElo "2400"]
[BlackElo "2634"]
[PlyCount "60"]
[EventDate "2009.09.16"]
[EventType "team"]
[EventRounds "5"]
[EventCountry "ESP"]
[Source "lmi"]
[SourceDate "2009.09.16"]
[WhiteTeam "C.A. Jaime Casas"]
[BlackTeam "C.A. Solvay"]

1. e4 e6 2. Nf3 d5 3. Nc3 Nf6 4. e5 Nfd7 5. d4 c5 6. dxc5 Nc6 7. Bf4 Be7 8. h4
Nxc5 9. a3 O-O 10. b4 Ne4 11. Nxe4 dxe4 12. Nd2 Qc7 13. Nxe4 Nxe5 14. Qd2 f5
15. Qd4 Qxc2 16. Bxe5 Qxe4+ 17. Qxe4 fxe4 18. Rh3 a5 19. b5 Rf5 20. Bd4 Bd7 21.
Rc1 Rd5 22. Bb2 Bxb5 23. Rc7 Rd7 24. Rxd7 Bxd7 25. Rg3 Bf8 26. h5 Rc8 27. Kd2
Ba4 28. Bc3 Rd8+ 29. Ke1 Rd1+ 30. Ke2 Rb1 0-1

[Event "España tch DH-2 2009"]
[Site "Montcada i Reixac ESP"]
[Date "2009.09.17"]
[Round "2.23"]
[White "Negi, Parimarjan"]
[Black "Fontana Sotomayor, Luis Javier"]
[Result "1-0"]
[WhiteElo "2615"]
[BlackElo "2373"]
[PlyCount "81"]
[EventDate "2009.09.16"]
[EventType "team"]
[EventRounds "5"]
[EventCountry "ESP"]
[Source "lmi"]
[SourceDate "2009.09.16"]
[WhiteTeam "C.A. Solvay"]
[BlackTeam "C.A. Jaime Casas"]

1. e4 Nc6 2. Nc3 Nf6 3. d4 d5 4. e5 Ng8 5. f4 Nh6 6. Nce2 f6 7. Ng3 Bg4 8. Be2
Bxe2 9. N1xe2 Qd7 10. O-O f5 11. b3 e6 12. c4 Rd8 13. Bb2 Be7 14. Rf3 O-O 15.
Nf1 Nb4 16. Ne3 c6 17. h3 Nf7 18. Kh2 Kh8 19. a3 Na6 20. g4 fxg4 21. hxg4 Ng5
22. Rf1 Ne4 23. Ng3 Nxg3 24. Kxg3 Qe8 25. cxd5 cxd5 26. Rc1 Qg6 27. Qc2 Qxc2
28. Rxc2 g6 29. Rfc1 Rf7 30. b4 Rdf8 31. b5 Nb8 32. Rc7 Kg7 33. f5 gxf5 34.
gxf5 exf5 35. Nxd5 Bg5 36. Nf4 Rxc7 37. Rxc7+ Kh6 38. Bc1 Rg8 39. Kf3 a6 40.
bxa6 bxa6 41. d5 1-0

[Event "España tch DH-2 2009"]
[Site "Montcada i Reixac ESP"]
[Date "2009.09.17"]
[Round "2.24"]
[White "Cortes Lizano, Jesus"]
[Black "Berg, Emanuel"]
[Result "0-1"]
[WhiteElo "2173"]
[BlackElo "2616"]
[PlyCount "80"]
[EventDate "2009.09.16"]
[EventType "team"]
[EventRounds "5"]
[EventCountry "ESP"]
[Source "lmi"]
[SourceDate "2009.09.16"]
[WhiteTeam "C.A. Jaime Casas"]
[BlackTeam "C.A. Solvay"]

1. g3 g6 2. Bg2 Bg7 3. c4 Nf6 4. Nf3 O-O 5. O-O d6 6. Nc3 a6 7. Rb1 e5 8. d3 h6
9. b4 Nh5 10. e4 Be6 11. Nh4 Nf6 12. Qe1 Nc6 13. Ne2 b5 14. f4 bxc4 15. f5 cxd3
16. fxe6 dxe2 17. exf7+ Rxf7 18. Qxe2 Ne7 19. Qc4 g5 20. Nf5 Nxf5 21. Rxf5 Qd7
22. Rb2 d5 23. Qb3 Raf8 24. Rbf2 c6 25. Be3 Nxe4 26. Rxf7 Rxf7 27. Bxe4 dxe4
28. Qc4 Bf8 29. a3 Qd5 30. Qxa6 Rf3 31. Qe2 g4 32. Rf1 Qd3 33. Qxd3 exd3 34.
Re1 Kf7 35. Bd2 Ke6 36. a4 c5 37. b5 c4 38. Bc3 Bc5+ 39. Kh1 Kd7 40. h3 Bd4 0-1

[Event "España tch DH-2 2009"]
[Site "Montcada i Reixac ESP"]
[Date "2009.09.17"]
[Round "2.25"]
[White "Ubilava, Elizbar"]
[Black "Inglan Bielsa, Fernando"]
[Result "1/2-1/2"]
[WhiteElo "2534"]
[BlackElo "2099"]
[PlyCount "105"]
[EventDate "2009.09.16"]
[EventType "team"]
[EventRounds "5"]
[EventCountry "ESP"]
[Source "lmi"]
[SourceDate "2009.09.16"]
[WhiteTeam "C.A. Solvay"]
[BlackTeam "C.A. Jaime Casas"]

1. Nf3 Nf6 2. c4 g6 3. Nc3 d5 4. cxd5 Nxd5 5. Qa4+ Bd7 6. Qb3 Bc6 7. Ne5 e6 8.
e3 Nb6 9. Nxc6 Nxc6 10. Bb5 Bg7 11. Bxc6+ bxc6 12. Qc2 c5 13. d3 O-O 14. O-O c4
15. dxc4 Nxc4 16. Rb1 Qh4 17. b3 Ne5 18. f4 Ng4 19. h3 Nh6 20. Bb2 Nf5 21. Qf2
Qe7 22. Na4 e5 23. e4 Nd6 24. Rfe1 f5 25. exf5 Rxf5 26. g4 Rf7 27. Bxe5 Bxe5
28. Rxe5 Qf6 29. Rf1 Raf8 30. Qe1 Qg7 31. Nc5 Qh6 32. Qe3 Rxf4 33. Rxf4 Qxf4
34. Qxf4 Rxf4 35. Ne6 Rf3 36. Ng5 Rc3 37. Re7 h6 38. Ne6 Re3 39. Rg7+ Kh8 40.
Rxg6 Rxh3 41. Nxc7 Ne4 42. Ra6 Kh7 43. Rxa7 Kg6 44. Ne6 Kf6 45. Ra6 Ke5 46. Kf1
Rg3 47. Nc7 Kf4 48. Rxh6 Rf3+ 49. Kg1 Kg3 50. Rh2 Rc3 51. Rg2+ Kh3 52. Rh2+ Kg3
53. Rg2+ 1/2-1/2

[Event "España tch DH-2 2009"]
[Site "Montcada i Reixac ESP"]
[Date "2009.09.17"]
[Round "2.26"]
[White "Maza Broto, Pablo"]
[Black "Perez Lopez, Jesus Maria"]
[Result "0-1"]
[WhiteElo "1996"]
[BlackElo "2266"]
[PlyCount "110"]
[EventDate "2009.09.16"]
[EventType "team"]
[EventRounds "5"]
[EventCountry "ESP"]
[Source "lmi"]
[SourceDate "2009.09.16"]
[WhiteTeam "C.A. Jaime Casas"]
[BlackTeam "C.A. Solvay"]

1. d4 d5 2. Nf3 c6 3. e3 Bg4 4. c4 e6 5. Nc3 Nd7 6. h3 Bh5 7. Be2 Ngf6 8. g4
Bg6 9. Nh4 Bb4 10. Qb3 Qa5 11. Bd2 dxc4 12. Bxc4 Qb6 13. a3 Bxc3 14. Bxc3 Be4
15. f3 Bd5 16. Qxb6 Nxb6 17. Be2 Bc4 18. Ng2 Nfd5 19. e4 Nxc3 20. bxc3 O-O-O
21. Ne3 Bxe2 22. Kxe2 h5 23. g5 Rd7 24. Rhd1 Rhd8 25. Rd3 Kc7 26. Rad1 Na4 27.
R1d2 b5 28. c4 a6 29. c5 f6 30. gxf6 gxf6 31. f4 Rg7 32. Kf3 Rdg8 33. Rg2 Rxg2
34. Nxg2 Nb2 35. Rc3 Nc4 36. Rd3 a5 37. Ne3 h4 38. Ng4 f5 39. exf5 exf5 40. Nh6
Rf8 41. d5 cxd5 42. Rxd5 Nxa3 43. Nxf5 Nc2 44. Ng7 Kc6 45. Rd2 Na3 46. f5 Nc4
47. Rg2 b4 48. Rg6+ Kb5 49. Ke4 b3 50. Rg1 b2 51. Ne6 Rg8 52. Rh1 a4 53. Kd4 a3
54. f6 a2 55. f7 Rh8 0-1

[Event "España tch DH-2 2009"]
[Site "Montcada i Reixac ESP"]
[Date "2009.09.17"]
[Round "2.31"]
[White "Laznicka, Viktor"]
[Black "Malakhov, Vladimir"]
[Result "1/2-1/2"]
[WhiteElo "2634"]
[BlackElo "2715"]
[PlyCount "27"]
[EventDate "2009.09.16"]
[EventType "team"]
[EventRounds "5"]
[EventCountry "ESP"]
[Source "lmi"]
[SourceDate "2009.09.16"]
[WhiteTeam "U.E. Montcada"]
[BlackTeam "Reverte Albox"]

1. d4 d5 2. c4 c6 3. Nf3 Nf6 4. Nc3 a6 5. e3 b5 6. b3 Bg4 7. Be2 Nbd7 8. O-O e6
9. h3 Bf5 10. Bd3 Bg6 11. Bb2 Be7 12. Qe2 O-O 13. Bxg6 hxg6 14. Rfc1 1/2-1/2

[Event "España tch DH-2 2009"]
[Site "Montcada i Reixac ESP"]
[Date "2009.09.17"]
[Round "2.32"]
[White "Dreev, Alexey"]
[Black "Markos, Jan"]
[Result "1-0"]
[WhiteElo "2662"]
[BlackElo "2565"]
[PlyCount "101"]
[EventDate "2009.09.16"]
[EventType "team"]
[EventRounds "5"]
[EventCountry "ESP"]
[Source "lmi"]
[SourceDate "2009.09.16"]
[WhiteTeam "Reverte Albox"]
[BlackTeam "U.E. Montcada"]

1. d4 Nf6 2. c4 e6 3. Nf3 b6 4. Nc3 Bb4 5. Bg5 Bb7 6. Qc2 h6 7. Bh4 Be4 8. Qb3
Nc6 9. O-O-O Bxc3 10. Qxc3 a5 11. a3 a4 12. Nd2 Bh7 13. d5 Na5 14. e4 O-O 15.
Bxf6 Qxf6 16. Qxf6 gxf6 17. Bd3 c6 18. dxc6 dxc6 19. Rhe1 Rfd8 20. Bc2 Rd4 21.
Bxa4 Nxc4 22. Bc2 Nd6 23. f3 f5 24. Nb3 Rxd1+ 25. Rxd1 Nc4 26. exf5 c5 27. Be4
Rf8 28. g4 exf5 29. gxf5 Kg7 30. f6+ Kh8 31. Rd7 Bxe4 32. fxe4 Kh7 33. Nd2 Ne5
34. Re7 Ng4 35. h3 Nxf6 36. Nc4 b5 37. Nd6 b4 38. a4 Kg6 39. a5 Rd8 40. Nc4 Ne8
41. Re5 Rd4 42. Rxc5 Rxe4 43. a6 Re1+ 44. Kc2 Ra1 45. Na5 Nc7 46. a7 f5 47. Kb3
f4 48. Kxb4 f3 49. Rxc7 f2 50. a8=Q f1=Q 51. Qg8+ 1-0

[Event "España tch DH-2 2009"]
[Site "Montcada i Reixac ESP"]
[Date "2009.09.17"]
[Round "2.33"]
[White "Del Rio De Angelis, Salvador G"]
[Black "Matlakov, Maxim"]
[Result "1/2-1/2"]
[WhiteElo "2559"]
[BlackElo "2574"]
[PlyCount "69"]
[EventDate "2009.09.16"]
[EventType "team"]
[EventRounds "5"]
[EventCountry "ESP"]
[Source "lmi"]
[SourceDate "2009.09.16"]
[WhiteTeam "U.E. Montcada"]
[BlackTeam "Reverte Albox"]

1. d4 d5 2. c4 c6 3. Nf3 Nf6 4. Nc3 a6 5. a4 e6 6. g3 dxc4 7. Bg2 c5 8. O-O Nc6
9. Ne5 Bd7 10. Nxd7 Qxd7 11. d5 Nxd5 12. Nxd5 exd5 13. Qxd5 Qxd5 14. Bxd5 Rd8
15. Bxc6+ bxc6 16. Be3 Rb8 17. Rfc1 Rxb2 18. Rxc4 Rb4 19. Rc2 h5 20. Bxc5 Bxc5
21. Rxc5 Rh6 22. h4 Re6 23. Ra2 g6 24. Ra5 Rb6 25. f3 Rd6 26. Rc2 Kd7 27. Kf2
Rd5 28. Rxd5+ cxd5 29. Rc5 Kd6 30. Ra5 Rc6 31. Ke3 Ke5 32. Kd3 Ke6 33. Kd4 Rc4+
34. Kd3 Rc6 35. Kd4 1/2-1/2

[Event "España tch DH-2 2009"]
[Site "Montcada i Reixac ESP"]
[Date "2009.09.17"]
[Round "2.34"]
[White "Rivas Pastor, Manuel"]
[Black "Narciso Dublan, Marc"]
[Result "1-0"]
[WhiteElo "2529"]
[BlackElo "2533"]
[PlyCount "117"]
[EventDate "2009.09.16"]
[EventType "team"]
[EventRounds "5"]
[EventCountry "ESP"]
[Source "lmi"]
[SourceDate "2009.09.16"]
[WhiteTeam "Reverte Albox"]
[BlackTeam "U.E. Montcada"]

1. d4 d5 2. c4 e6 3. Nf3 Nf6 4. Nc3 Be7 5. Bg5 O-O 6. Rc1 h6 7. Bh4 dxc4 8. e3
c5 9. Bxc4 cxd4 10. Nxd4 Bd7 11. O-O Nc6 12. Nb3 Rc8 13. Be2 Nd5 14. Bxe7 Ncxe7
15. Nxd5 Nxd5 16. Qd4 b6 17. Ba6 Rxc1 18. Rxc1 Qb8 19. e4 Nf6 20. e5 Nd5 21.
Bd3 Rc8 22. Re1 Rd8 23. Qe4 f5 24. exf6 Nxf6 25. Qe2 Re8 26. Nd2 Bc6 27. Bb5
Qb7 28. Bxc6 Qxc6 29. Nf3 Qa4 30. a3 e5 31. h3 e4 32. Nd2 Rc8 33. Nxe4 Qxe4 34.
Qxe4 Nxe4 35. Rxe4 Rc1+ 36. Kh2 Rc2 37. b4 Rxf2 38. Re8+ Rf8 39. Rxf8+ Kxf8 40.
Kg3 Ke7 41. Kf4 Ke6 42. h4 g6 43. b5 Kd5 44. g4 Kc4 45. g5 h5 46. Ke5 Kxb5 47.
Kf6 Ka4 48. Kxg6 b5 49. Kxh5 Kxa3 50. g6 b4 51. g7 b3 52. g8=Q b2 53. Qf8+ Kb3
54. Qb8+ Kc3 55. Qe5+ Kc2 56. Qc5+ Kd2 57. Qd4+ Kc2 58. Qxa7 b1=Q 59. Qh7+ 1-0

[Event "España tch DH-2 2009"]
[Site "Montcada i Reixac ESP"]
[Date "2009.09.17"]
[Round "2.35"]
[White "Comas Fabrego, Lluis"]
[Black "Rodriguez Guerrero, Enrique"]
[Result "0-1"]
[WhiteElo "2519"]
[BlackElo "2468"]
[PlyCount "82"]
[EventDate "2009.09.16"]
[EventType "team"]
[EventRounds "5"]
[EventCountry "ESP"]
[Source "lmi"]
[SourceDate "2009.09.16"]
[WhiteTeam "U.E. Montcada"]
[BlackTeam "Reverte Albox"]

1. c4 c5 2. Nc3 Nc6 3. g3 g6 4. Bg2 Bg7 5. Nf3 e5 6. O-O d6 7. a3 a5 8. d3 Nge7
9. Ne1 Be6 10. Nc2 d5 11. cxd5 Nxd5 12. Ne3 Nde7 13. Nc4 O-O 14. Bg5 f6 15. Be3
b6 16. Qa4 Qc7 17. f4 Rab8 18. fxe5 fxe5 19. Rxf8+ Bxf8 20. Bg5 Bg7 21. Rf1 Kh8
22. e3 Na7 23. Nxb6 Rxb6 24. Qe8+ Ng8 25. Bd8 Qc8 26. Ne4 Bd7 27. Qxg8+ Kxg8
28. Bxb6 Qa6 29. Bxc5 Nc8 30. Rd1 Bf8 31. b4 Bf5 32. Bxf8 Bxe4 33. dxe4 Kxf8
34. Rd8+ Ke7 35. b5 Qb7 36. Rh8 Kf6 37. Rf8+ Kg7 38. Re8 Qc7 39. Bf1 Nb6 40.
Re6 Qc5 41. Kf2 Nc4 0-1

[Event "España tch DH-2 2009"]
[Site "Montcada i Reixac ESP"]
[Date "2009.09.17"]
[Round "2.36"]
[White "Ibarra Jerez, Jose Carlos"]
[Black "Aloma Vidal, Robert"]
[Result "1-0"]
[WhiteElo "2516"]
[BlackElo "2462"]
[PlyCount "103"]
[EventDate "2009.09.16"]
[EventType "team"]
[EventRounds "5"]
[EventCountry "ESP"]
[Source "lmi"]
[SourceDate "2009.09.16"]
[WhiteTeam "Reverte Albox"]
[BlackTeam "U.E. Montcada"]

1. d4 Nf6 2. Bg5 Ne4 3. Bf4 c5 4. f3 Nf6 5. dxc5 e5 6. Bxe5 Bxc5 7. Bd4 Qb6 8.
Bxc5 Qxc5 9. Qd2 Nc6 10. Nc3 d5 11. e3 O-O 12. O-O-O Re8 13. Nge2 Rxe3 14. Nd4
Re7 15. g4 Be6 16. Be2 Rae8 17. g5 Nd7 18. f4 Nxd4 19. Qxd4 Bf5 20. Bb5 Rc8 21.
Qxc5 Rxc5 22. Rxd5 h6 23. gxh6 a6 24. Bxd7 Rxd5 25. Nxd5 Rxd7 26. Rd1 Be6 27.
c4 Bxd5 28. Rxd5 Rc7 29. b3 g6 30. Kd2 Kh7 31. c5 Kxh6 32. b4 f5 33. Rd6 Kh5
34. Ke3 Re7+ 35. Kf3 Rg7 36. Rd8 Rh7 37. Kg3 Kh6 38. Rd6 Re7 39. Kf3 Kh5 40. a3
Rh7 41. a4 Rc7 42. Rd8 Kh6 43. Rd5 Kh5 44. b5 axb5 45. axb5 Kh6 46. b6 Re7 47.
Rd8 g5 48. Rh8+ Kg7 49. Rc8 g4+ 50. Kf2 Re4 51. c6 Rxf4+ 52. Ke2 1-0

[Event "España tch DH-2 2009"]
[Site "Montcada i Reixac ESP"]
[Date "2009.09.18"]
[Round "3.11"]
[White "Malakhov, Vladimir"]
[Black "Fier, Alexandr"]
[Result "1/2-1/2"]
[WhiteElo "2715"]
[BlackElo "2644"]
[PlyCount "101"]
[EventDate "2009.09.16"]
[EventType "team"]
[EventRounds "5"]
[EventCountry "ESP"]
[Source "lmi"]
[SourceDate "2009.09.16"]
[WhiteTeam "Reverte Albox"]
[BlackTeam "SCC Sabadell"]

1. Nf3 e6 2. c4 d5 3. d4 Nf6 4. Nc3 c6 5. e3 Nbd7 6. Qc2 Bd6 7. b3 O-O 8. Be2
b6 9. O-O Bb7 10. Bb2 Qe7 11. Rad1 Rad8 12. Rfe1 Rfe8 13. Bf1 Bb4 14. a3 Bxa3
15. Bxa3 Qxa3 16. Ra1 Qd6 17. Rxa7 Qb8 18. Rea1 dxc4 19. Bxc4 c5 20. Qe2 cxd4
21. Nxd4 Rc8 22. f4 Nc5 23. Ncb5 Nce4 24. Qe1 Bd5 25. Nf3 Bxc4 26. bxc4 Rxc4
27. Rxf7 Rc5 28. Raa7 Rxb5 29. Rxg7+ Kh8 30. Qa1 e5 31. fxe5 Rbxe5 32. Rgc7 Rh5
33. Nd2 Ra5 34. Rxh7+ Kg8 35. Rhg7+ Kh8 36. Rh7+ Kg8 37. Rag7+ Kf8 38. Rf7+ Kg8
39. Rfg7+ Kf8 40. Qf1 Rh5 41. Rf7+ Kg8 42. Rfg7+ Kf8 43. Rf7+ Kg8 44. Rhg7+ Kh8
45. Rc7 Qd8 46. Nxe4 Nxe4 47. Rgf7 Qd6 48. h3 Qa3 49. Qf4 Qa1+ 50. Kh2 Qe5 51.
Qxe5+ 1/2-1/2

[Event "España tch DH-2 2009"]
[Site "Montcada i Reixac ESP"]
[Date "2009.09.18"]
[Round "3.12"]
[White "Flores, Diego"]
[Black "Dreev, Alexey"]
[Result "1/2-1/2"]
[WhiteElo "2607"]
[BlackElo "2662"]
[PlyCount "48"]
[EventDate "2009.09.16"]
[EventType "team"]
[EventRounds "5"]
[EventCountry "ESP"]
[Source "lmi"]
[SourceDate "2009.09.16"]
[WhiteTeam "SCC Sabadell"]
[BlackTeam "Reverte Albox"]

1. c4 c6 2. Nf3 d5 3. e3 Nf6 4. Nc3 e6 5. b3 Nbd7 6. Qc2 Bd6 7. Bb2 O-O 8. h3
e5 9. cxd5 Nxd5 10. Bd3 h6 11. a3 Nxc3 12. Qxc3 Re8 13. Be2 c5 14. d3 b6 15.
Nd2 Bb7 16. Ne4 Bf8 17. Bf3 Rb8 18. O-O Nf6 19. Rad1 Qe7 20. Nxf6+ Qxf6 21.
Bxb7 Rxb7 22. f4 exf4 23. Qxf6 gxf6 24. e4 Bd6 1/2-1/2

[Event "España tch DH-2 2009"]
[Site "Montcada i Reixac ESP"]
[Date "2009.09.18"]
[Round "3.13"]
[White "Matlakov, Maxim"]
[Black "Magem Badals, Jordi"]
[Result "1/2-1/2"]
[WhiteElo "2574"]
[BlackElo "2553"]
[PlyCount "57"]
[EventDate "2009.09.16"]
[EventType "team"]
[EventRounds "5"]
[EventCountry "ESP"]
[Source "lmi"]
[SourceDate "2009.09.16"]
[WhiteTeam "Reverte Albox"]
[BlackTeam "SCC Sabadell"]

1. d4 d5 2. c4 dxc4 3. Nf3 c5 4. e3 cxd4 5. Bxc4 Qc7 6. Bb3 dxe3 7. Bxe3 e6 8.
Nc3 Nf6 9. O-O Nc6 10. Nb5 Qa5 11. Nd6+ Bxd6 12. Qxd6 Ne4 13. Qd3 Nf6 14. Bg5
O-O 15. Bxf6 gxf6 16. Qe3 Qh5 17. Nd2 Qe5 18. Qh3 Qf4 19. Bc2 f5 20. Nf3 b6 21.
Rfd1 Ba6 22. Bd3 Bb7 23. Qh5 Qg4 24. Qxg4+ fxg4 25. Ng5 Ne5 26. Bxh7+ Kg7 27.
Be4 Bxe4 28. Nxe4 Rfd8 29. Nc3 1/2-1/2

[Event "España tch DH-2 2009"]
[Site "Montcada i Reixac ESP"]
[Date "2009.09.18"]
[Round "3.14"]
[White "Almeida Quintana, Omar"]
[Black "Rivas Pastor, Manuel"]
[Result "1-0"]
[WhiteElo "2513"]
[BlackElo "2529"]
[PlyCount "109"]
[EventDate "2009.09.16"]
[EventType "team"]
[EventRounds "5"]
[EventCountry "ESP"]
[Source "lmi"]
[SourceDate "2009.09.16"]
[WhiteTeam "SCC Sabadell"]
[BlackTeam "Reverte Albox"]

1. d4 e6 2. Nf3 Nf6 3. c4 Bb4+ 4. Nbd2 d5 5. Qa4+ Nc6 6. a3 Be7 7. e3 O-O 8.
Qc2 a5 9. b3 Re8 10. Bb2 Bf8 11. Bd3 g6 12. O-O Bg7 13. Rad1 Nh5 14. Rfe1 f5
15. Ne5 Bd7 16. Ndf3 Nf6 17. Nxc6 Bxc6 18. Ne5 Qd6 19. Rc1 Rec8 20. cxd5 Bxd5
21. f3 Nd7 22. Nc4 Qe7 23. e4 fxe4 24. fxe4 Bxc4 25. Bxc4 Nb6 26. Bf1 c5 27. d5
Bd4+ 28. Kh1 e5 29. a4 Qd6 30. g3 Rc7 31. Bh3 Re8 32. Ba3 Nd7 33. Rf1 Kg7 34.
Rf3 Rf8 35. Rcf1 Rxf3 36. Rxf3 Nf6 37. Be6 Re7 38. Bc1 Rxe6 39. dxe6 Qxe6 40.
Bg5 Ng4 41. Kg2 h6 42. Bd2 g5 43. Qc4 Qd7 44. Qf1 Qe7 45. h4 gxh4 46. gxh4 h5
47. Bg5 Qd7 48. Qc4 Nf2 49. Bf6+ Kh7 50. Qd5 Qxd5 51. exd5 Ng4 52. Bg5 e4 53.
Rf7+ Kg6 54. d6 Ne5 55. Re7 1-0

[Event "España tch DH-2 2009"]
[Site "Montcada i Reixac ESP"]
[Date "2009.09.18"]
[Round "3.15"]
[White "Rodriguez Guerrero, Enrique"]
[Black "Cruz, Christian"]
[Result "0-1"]
[WhiteElo "2468"]
[BlackElo "2531"]
[PlyCount "84"]
[EventDate "2009.09.16"]
[EventType "team"]
[EventRounds "5"]
[EventCountry "ESP"]
[Source "lmi"]
[SourceDate "2009.09.16"]
[WhiteTeam "Reverte Albox"]
[BlackTeam "SCC Sabadell"]

1. e4 e6 2. d4 d5 3. Nc3 Nf6 4. e5 Nfd7 5. f4 c5 6. Nf3 Nc6 7. Be3 a6 8. Qd2
cxd4 9. Nxd4 Bc5 10. O-O-O O-O 11. Qf2 Bxd4 12. Bxd4 b5 13. Be3 b4 14. Na4 a5
15. Kb1 Ba6 16. Bxa6 Rxa6 17. Rhe1 Qc7 18. Rd3 Rc8 19. g4 Na7 20. Re2 Nb5 21.
Bd4 Rc6 22. Rdd2 Rc4 23. b3 Rxd4 24. Rxd4 Nc5 25. Nxc5 Qxc5 26. Rd3 Qc6 27. f5
a4 28. f6 axb3 29. axb3 Nc3+ 30. Kc1 Qa6 31. Kd2 Qa2 32. Qe3 Qb1 33. Re1 Ne4+
34. Ke2 Qxc2+ 35. Kf1 Qxh2 36. Qf3 Nd2+ 37. Rxd2 Qxd2 38. fxg7 Rc3 39. Qf6 Qd3+
40. Re2 Qf3+ 41. Qxf3 Rxf3+ 42. Kg2 Rxb3 0-1

[Event "España tch DH-2 2009"]
[Site "Montcada i Reixac ESP"]
[Date "2009.09.18"]
[Round "3.16"]
[White "Rodriguez Cespedes, Amador"]
[Black "Ibarra Jerez, Jose Carlos"]
[Result "1/2-1/2"]
[WhiteElo "2453"]
[BlackElo "2516"]
[PlyCount "20"]
[EventDate "2009.09.16"]
[EventType "team"]
[EventRounds "5"]
[EventCountry "ESP"]
[Source "lmi"]
[SourceDate "2009.09.16"]
[WhiteTeam "SCC Sabadell"]
[BlackTeam "Reverte Albox"]

1. Nf3 d5 2. g3 Bg4 3. Bg2 Nd7 4. d4 e6 5. O-O Bd6 6. Nbd2 Ngf6 7. Re1 O-O 8.
e4 dxe4 9. Nxe4 Nxe4 10. Rxe4 Bh5 1/2-1/2

[Event "España tch DH-2 2009"]
[Site "Montcada i Reixac ESP"]
[Date "2009.09.18"]
[Round "3.21"]
[White "Cuenca Jimenez, Jose Fernando"]
[Black "Laznicka, Viktor"]
[Result "1-0"]
[WhiteElo "2460"]
[BlackElo "2634"]
[PlyCount "85"]
[EventDate "2009.09.16"]
[EventType "team"]
[EventRounds "5"]
[EventCountry "ESP"]
[Source "lmi"]
[SourceDate "2009.09.16"]
[WhiteTeam "C.A. Jaime Casas"]
[BlackTeam "U.E. Montcada"]

1. e4 c5 2. Nf3 e6 3. g3 d6 4. Bg2 Nf6 5. Qe2 Nc6 6. O-O Be7 7. c3 O-O 8. d4
cxd4 9. cxd4 b6 10. Nc3 Nb4 11. e5 Nfd5 12. Nb5 Ba6 13. a4 Qd7 14. Bg5 h6 15.
Bd2 Rac8 16. Rac1 Rfd8 17. Rfd1 Bf8 18. h4 Nc6 19. Qe4 dxe5 20. dxe5 Na5 21.
Qg4 Kh8 22. Qh5 Bxb5 23. axb5 Nb3 24. Rc6 g6 25. Qg4 Nxd2 26. Rxd2 Rxc6 27.
bxc6 Qxc6 28. h5 g5 29. Kh2 Be7 30. Nd4 Qc4 31. Qf3 Kg8 32. Nf5 Bf8 33. Ne3 Qb4
34. Rxd5 exd5 35. Nxd5 Qd4 36. Nf6+ Kg7 37. Qf5 Bc5 38. Qh7+ Kf8 39. Qxh6+ Ke7
40. Qxg5 Rh8 41. h6 Qxb2 42. Ng4+ Kd7 43. Qf5+ 1-0